000
00250nam a2200097Ia 4500
008
221009s9999 xx 000 0 und d
082
_a
920
100
_a
खलील जिब्रान
_9
20121
245
0
_a
जीवन संदेश
942
_c
BK
999
_c
64630
_d
64630